Dark night of the soul / (Record no. 691)
[ view plain ]
| 000 -LEADER | |
|---|---|
| fixed length control field | 01250cam a2200325 a 4500 |
| 005 - DATE AND TIME OF LATEST TRANSACTION | |
| control field | 20260322212030.0 |
| 008 - FIXED-LENGTH DATA ELEMENTS--GENERAL INFORMATION | |
| fixed length control field | data |
| 010 ## - LIBRARY OF CONGRESS CONTROL NUMBER | |
| LC control number | 91231046 |
| 020 ## - INTERNATIONAL STANDARD BOOK NUMBER | |
| International Standard Book Number | 0385029306 : |
| Terms of availability | {dollar}7.95 |
| 020 ## - INTERNATIONAL STANDARD BOOK NUMBER | |
| International Standard Book Number | 9780385029308 : |
| Terms of availability | {dollar}7.95 |
| 040 ## - CATALOGING SOURCE | |
| Original cataloging agency | DLC |
| Transcribing agency | DLC |
| Modifying agency | DLC |
| 041 1# - LANGUAGE CODE | |
| Language code of text/sound track or separate title | eng |
| Language code of original | spa |
| 050 00 - LIBRARY OF CONGRESS CALL NUMBER | |
| Classification number | BV5080 |
| Item number | .J64413 1990 |
| 082 00 - DEWEY DECIMAL CLASSIFICATION NUMBER | |
| Classification number | 248.2/2 |
| Edition information | 20 |
| 092 ## - LOCALLY ASSIGNED DEWEY CALL NUMBER (OCLC) | |
| Classification number | 248.2 J644 1990 |
| 001 - CONTROL NUMBER | |
| control field | data |
| 240 10 - UNIFORM TITLE | |
| Uniform title | Noche oscura del alma. |
| Language of a work | English |
| 245 00 - TITLE STATEMENT | |
| Title | Dark night of the soul / |
| Statement of responsibility, etc. | edited by John of the Cross, E. Allison Peers & Silverio. |
| 260 ## - PUBLICATION, DISTRIBUTION, ETC. | |
| Place of publication, distribution, etc. | New York : |
| Name of publisher, distributor, etc. | Image Books, Doubleday, |
| Date of publication, distribution, etc. | 1990. |
| 300 ## - PHYSICAL DESCRIPTION | |
| Extent | 193 p. ; |
| Dimensions | 20 cm. |
| 500 ## - GENERAL NOTE | |
| General note | Translation of: Noche oscura del alma. |
| 504 ## - BIBLIOGRAPHY, ETC. NOTE | |
| Bibliography, etc. note | Includes bibliographical references. |
| 650 #0 - SUBJECT ADDED ENTRY--TOPICAL TERM | |
| Topical term or geographic name entry element | Mysticism |
| General subdivision | Catholic Church. |
| 700 1# - ADDED ENTRY--PERSONAL NAME | |
| Personal name | John of the Cross, |
| Dates associated with a name | 1542-1591. |
| Titles and other words associated with a name | Saint, |
| 700 1# - ADDED ENTRY--PERSONAL NAME | |
| Personal name | Peers, E. Allison |
| Dates associated with a name | 1891-1952. |
| Fuller form of name | (Edgar Allison), |
| 700 1# - ADDED ENTRY--PERSONAL NAME | |
| Personal name | Silverio, |
| Dates associated with a name | 1878-1954. |
| Titles and other words associated with a name | of St. Teresa, |
| 856 42 - ELECTRONIC LOCATION AND ACCESS | |
| Materials specified | Contributor biographical information |
| Uniform Resource Identifier | <a href="http://www.loc.gov/catdir/bios/random051/91231046.html">http://www.loc.gov/catdir/bios/random051/91231046.html</a> |
| 856 42 - ELECTRONIC LOCATION AND ACCESS | |
| Materials specified | Publisher description |
| Uniform Resource Identifier | <a href="http://www.loc.gov/catdir/description/random042/91231046.html">http://www.loc.gov/catdir/description/random042/91231046.html</a> |
| 856 41 - ELECTRONIC LOCATION AND ACCESS | |
| Materials specified | Sample text |
| Uniform Resource Identifier | <a href="http://www.loc.gov/catdir/enhancements/fy0601/91231046-s.html">http://www.loc.gov/catdir/enhancements/fy0601/91231046-s.html</a> |
| Withdrawn status | Lost status | Damaged status | Not for loan | Home library | Current library | Shelving location | Date acquired | Total checkouts | Full call number | Barcode | Date last seen | Price effective from | Koha item type |
|---|---|---|---|---|---|---|---|---|---|---|---|---|---|
| Franklin | Franklin | General stacks | 22/03/2026 | 248.2/2 20 | BC0010708 | 22/03/2026 | 22/03/2026 | Books |